000 00300nam a22001337a 4500
008 171017b xxu||||| |||| 00| 0 eng d
020 _a0393953308
041 _aeng
080 _22ND
_a330.101.542
100 _a52
101 _aMIK
245 _aMICROECONOMIC ANALYSIS
_cYOHE,G.W
942 _2udc
_cBK
999 _c34458
_d34458